003810000a2200169000450000500170000024500310001726000350004830000100008304000080009365000090010165000120011065000130012265000110013565000240014665000220017065000190019220120302061929.0 a Famous Letters & Speeches aMumbai:The Home Library Club., a640p. aENG aMisc aGeneral aSpeeches aleters aPolitical-Classical aReligious Freedom aRejal Speeches